LEADER 00847nam a2200205 i 4500 001 000000346429 003 CaOOAMICUS 005 20250715122557.0 008 210607s1890 it u000 u ita u 013 $a233683 040 $aSeMil$bita 100 1 $aCrispi, Francesco,$d<1818-1901>.$0(OLS)http://semarc/name/73350 245 10$aDiscorso pronunciato a Torino il 18 novembre 1890 / $cda Francesco Crispi. 260 $aRoma :$bStabilimento tipografico italiano,$c1890. 300 $a56 p. ;$c23 cm 850 $aSeMil 852 $aSeMil$W1$xVenegono$y1$m5D VIII 27/15$j226850$B237495$CSeMilBibl$Z2$F237495 $8I 996 $6245$aDiscorso pronunciato a Torino il 18 novembre 1890 / $9(OLS)http://semarc/title/435621 996 $6260$aRoma :$bStabilimento tipografico italiano$9(OLS)http://semarc/publisher/57538 LEADER 01088nam a2200289 i 4500 001 000000042974 003 CaOOAMICUS 005 20120516000000.0 008 120516s1987 it u000 u ita u 013 $a14144 020 $a88-09-20110-8 040 $aSeMil$bita 100 1 $aTaylour, William.$0(OLS)http://semarc/name/21308 245 12$aI Micenei /$cWilliam Taylour ; prefazione di Mario Benzi. The Mycenaeans. 260 $aFirenze :$bGiunti Barbčra,$c1987. 300 $a214 p. :$bill. ;$c25 cm. 490 0 $aArcheologia : storia, problemi, strumenti 500 $aFondo Ciprandi. 700 1 $aBenzi, Mario.$0(OLS)http://semarc/name/21309 830 0$aArcheologia.$0(OLS)http://semarc/title/22683 850 $aSeMil 852 $aSeMil$W1$xVenegono$y1$m3S V 240$j9129$B9129$CSeMilBibl$Z2$F9129 $81 941 1 $a1 961 $aOmaggio: Ciprandi dott. Paolo 996 $6020$a88-09-20110-8$9(OLS)http://semarc/number/14420 996 $6245$aI Micenei$9(OLS)http://semarc/title/62921 996 $6260$aFirenze :$bGiunti Barbčra$9(OLS)http://semarc/publisher/36598